Generasi

Bibliographic Details
Main Author: Mohd. Nor Ghani
Format: Book
Published: Kuala Lumpur : Monaza Setia , 1996
Subjects:

MARC

LEADER 00000cam a2200000 7i4500
001 0000004308
005 20060221.0
020 |a 9839918400 
040 |a INS 
090 0 0 |a PL5136.1   |b MNG 1996 
100 1 |a Mohd. Nor Ghani 
245 1 0 |a Generasi   |c Mohd. Nor Ghani 
260 |a Kuala Lumpur :   |b Monaza Setia ,   |c 1996 
300 |a 819 ms. ;   |c 18cm. 
650 0 0 |a Malay fiction 
999 |a 0000007216   |b BOOK   |c Open Shelf   |e Default branch